[Event "Bayern-ch Seniors 20th"]
[Site "Bergen"]
[Date "2008.06.11"]
[Round "5.34"]
[White "Lottring, Dieter"]
[Black "Grun, Reiner"]
[Result "1/2-1/2"]
[WhiteElo "1608"]
[BlackElo "1595"]
[PlyCount "39"]
[EventDate "2008.06.07"]
[EventType "swiss"]
[EventRounds "9"]
[EventCountry "GER"]
[SourceTitle "EXT 2022"]
[Source "ChessBase"]
[SourceDate "2021.10.06"]
[SourceVersion "1"]
[SourceVersionDate "2021.10.06"]
[SourceQuality "1"]

1. d4 Nf6 2. e3 g6 3. Nf3 Bg7 4. c4 d6 5. Bd3 0-0 6. 0-0 Nbd7 7. e4 c5 8. d5 e6 9. Re1 a6 10. a4 Ng4 11. Nbd2 Nge5 12. Nxe5 Nxe5 13. Nf3 Nxd3 14. Qxd3 b6 15. Ra2 exd5 16. Qxd5 Be6 17. Qd3 Qc7 18. b3 Rad8 19. Qe3 Rfe8 20. Bb2 1/2-1/2

[Event "Bayern-ch Seniors 20th"]
[Site "Bergen"]
[Date "2008.06.08"]
[Round "2.29"]
[White "Gudat, Alfons"]
[Black "Grun, Reiner"]
[Result "1-0"]
[WhiteElo "1840"]
[BlackElo "1595"]
[PlyCount "67"]
[EventDate "2008.06.07"]
[EventType "swiss"]
[EventRounds "9"]
[EventCountry "GER"]
[SourceTitle "EXT 2022"]
[Source "ChessBase"]
[SourceDate "2021.10.06"]
[SourceVersion "1"]
[SourceVersionDate "2021.10.06"]
[SourceQuality "1"]

1. e4 e5 2. Nf3 Nc6 3. Bb5 a6 4. Ba4 Nf6 5. d3 b5 6. Bb3 d6 7. c3 Na5 8. Bc2 c5 9. 0-0 Be7 10. Re1 0-0 11. Nbd2 Nc6 12. Nf1 Qd7 13. Ng3 Bd8 14. a4 b4 15. h3 a5 16. Bb3 Rb8 17. Bc4 Qe8 18. d4 Bd7 19. Be3 cxd4 20. cxd4 Bb6 21. dxe5 dxe5 22. Bxb6 Rxb6 23. Qd2 Qe7 24. b3 Rd8 25. Rad1 h6 26. Qe3 Rbb8 27. Bd5 Ne8 28. Rd2 Rdc8 29. Red1 Nf6 30. Bc4 Nd8 31. Nh4 Bxa4 32. Nhf5 Qf8 33. Nd6 Rxc4 34. Nxc4 1-0

[Event "Bayern-ch Seniors 20th"]
[Site "Bergen"]
[Date "2008.06.07"]
[Round "1.24"]
[White "Grun, Reiner"]
[Black "Winter, Bernd"]
[Result "0-1"]
[WhiteElo "1595"]
[BlackElo "1899"]
[PlyCount "32"]
[EventDate "2008.06.07"]
[EventType "swiss"]
[EventRounds "9"]
[EventCountry "GER"]
[SourceTitle "EXT 2022"]
[Source "ChessBase"]
[SourceDate "2021.10.06"]
[SourceVersion "1"]
[SourceVersionDate "2021.10.06"]
[SourceQuality "1"]

1. d4 Nf6 2. c4 g6 3. Nf3 Bg7 4. g3 0-0 5. Bg2 d6 6. 0-0 c6 7. Nc3 Qa5 8. a3 Qh5 9. e3 Bg4 10. Re1 e5 11. dxe5 dxe5 12. e4 Na6 13. b4 Rad8 14. Qe2 Rd7 15. Bg5 Bxf3 16. Bxf3 Qxg5 0-1